00960nam a2200253 a 4500003000700000005001700007008004100024020001800065040003300083041000800116050002400124110006400148245013300212260004100345300003500386336002800421337003000449338002700479650004100506650002600547650004800573650005900621650002600680CBULib20240802102003.0200826s2019 ||||||||||||||||| || u a9789211129533 aCBULibbEnglishcCBULiberda aeng aUNCTAD(058)TDR/2019 aUnited Nations Conference on Trade and Development (UNCTAD)10aTrade and development report 2019 : financing a global green new deal :c/ by United Nations Conference on Trade and Development aNew York : bUnited Nations, c2019. axiv, 173 pages : illustrations 2rdacontentaText |btxt 2rdamediaaUnmediated |bn 2rdacarrieraVolumebnc aDEBT, EXTERNAL--DEVELOPING COUNTRIES aTRADE AND DEVELOPMENT aDEVELOPING COUNTRIES--COMMERCE--PERIODICALS aDEVELOPING COUNTRIES--ECONOMIC CONDITIONS--PERIODICALS aCOMMERCE--PERIODICALS